00499pab a2200145 454500008004000000100001500040245013900055260000900194300001300203362001200216650003000228650001200258700002300270773006000293180718b2012 xxu||||| |||| 00| 0 eng d aSaha, Soma aDependency on common property resources, poverty and environmental degradation: Empirical evidence from Bakura district in West Bengal c2012 ap.38-59. aApr-Jun aEnvironmental degradation aPoverty aKuri, Praval Kumar aIASSI Quarterly: Contributions to Indian Social Science